| 000 | 00610cam a2200205 a 4500 | ||
|---|---|---|---|
| 001 | 000009589 | ||
| 005 | 20200929161632.0 | ||
| 008 | 810918s1974 ck 000 f spa | ||
| 040 |
_aDO-SdBNP _bspa _cBNPHU |
||
| 082 |
_aC863.6 _bZ35c, |
||
| 100 | 1 |
_aZapata Olivella, Manuel _921474 |
|
| 245 | 1 | 0 |
_aChambacu : _bcorral de negros / _cManuel Zapata Olivella. |
| 250 | _a4a ed. | ||
| 260 |
_aMedellĂn, Colombia : _bBedout, _c1974. |
||
| 300 |
_a155 p. ; _c18 cm. |
||
| 490 | 1 |
_aBolsilibros _v22 |
|
| 650 | 4 |
_aNovela colombiana _91243 |
|
| 650 | 4 |
_aLiteratura colombiana _91244 |
|
| 830 | 0 |
_aBolsilibros ; _n22 _924432 |
|
| 999 |
_c9349 _d9349 |
||